[Event "8. Autunno Veneziano Magistrale"]
[Site "Venezia"]
[Date "2001.11.02"]
[Round "2.7"]
[White "Sikanjic, Bojan"]
[Black "Navarro, Stefano"]
[Result "1/2-1/2"]
[WhiteElo "2070"]
[BlackElo "2170"]
[PlyCount "81"]
[EventDate "2001.11.01"]
[EventType "swiss"]
[EventRounds "6"]
[EventCountry "ITA"]
[SourceTitle "Inf 22"]

1. c4 e5 2. Nc3 Nf6 3. Nf3 Nc6 4. g3 d5 5. cxd5 Nxd5 6. Bg2 Be6 7. O-O Be7 8. d4 Nxc3 9. bxc3 e4 10. Nd2 f5 11. e3 O-O 12. Rb1 Rb8 13. Qa4 a6 14. Ba3 Na7 15. Bxe7 Qxe7 16. c4 Bd7 17. Qc2 c6 18. Nb3 b6 19. Rfe1 Qf7 20. Nd2 Be6 21. f3 b5 22. fxe4 bxc4 23. Bf1 Rxb1 24. Rxb1 fxe4 25. Nxc4 Bd5 26. Ne5 Qe6 27. Bxa6 Nc8 28. Rb8 Ne7 29. Rxf8+ Kxf8 30. Bc4 Nf5 31. Qb3 Nxe3 32. Qa3+ Ke8 33. Qa8+ Ke7 34. Qb7+ Kf6 35. Qb8 Qe7 36. Be2 Nf5 37. Ng4+ Kf7 38. Ne5+ Kf6 39. Ng4+ Kf7 40. Qf4 g6 41. Ne3 1/2-1/2

[Event "8. Autunno Veneziano Magistrale"]
[Site "Venezia"]
[Date "2001.11.02"]
[Round "2.8"]
[White "Danieli, Enrico"]
[Black "Pietrobon, Fabio"]
[Result "0-1"]
[WhiteElo "2050"]
[BlackElo "1920"]
[PlyCount "94"]
[EventDate "2001.11.01"]
[EventType "swiss"]
[EventRounds "6"]
[EventCountry "ITA"]
[SourceTitle "Inf 22"]

1. d4 Nf6 2. Nf3 g6 3. Nc3 d5 4. Bg5 Bg7 5. Bxf6 Bxf6 6. e4 dxe4 7. Nxe4 Bg7 8. c3 O-O 9. Bc4 Nd7 10. Qb3 Nb6 11. Bxf7+ Rxf7 12. Neg5 e6 13. Nxf7 Kxf7 14. O-O Qd5 15. Qc2 Bd7 16. Rfe1 Rf8 17. b3 Kg8 18. c4 Qf5 19. Qxf5 exf5 20. Rad1 Bf6 21. Ne5 Bxe5 22. Rxe5 Kf7 23. Rde1 Re8 24. f4 Nc8 25. c5 c6 26. Rxe8 Bxe8 27. Kf2 Ne7 28. g3 Nd5 29. a3 Nc3 30. Ke3 Ne4 31. Rc1 Ke6 32. Rc4 Bd7 33. Ra4 a6 34. Rb4 Bc8 35. Rc4 Kd5 36. Rc1 h6 37. Rc2 Ke6 38. Kd3 Kd5 39. Re2 Ke6 40. g4 Kd5 41. g5 hxg5 42. fxg5 f4 43. h4 f3 44. Rh2 f2 45. Ke2 Bg4+ 46. Kf1 Kxd4 47. b4 Ke3 0-1

[Event "8. Autunno Veneziano Magistrale"]
[Site "Venezia"]
[Date "2001.11.02"]
[Round "2.9"]
[White "Faccia, Sergio"]
[Black "Ramesa, Davor"]
[Result "1-0"]
[WhiteElo "2025"]
[BlackElo "2125"]
[PlyCount "35"]
[EventDate "2001.11.01"]
[EventType "swiss"]
[EventRounds "6"]
[EventCountry "ITA"]
[SourceTitle "Inf 22"]

1. e4 c5 2. b4 cxb4 3. Bb2 Nc6 4. d4 d5 5. exd5 Qxd5 6. c4 bxc3 7. Nxc3 Qa5 8. d5 Nb8 9. Nf3 Nf6 10. Bc4 g6 11. O-O Bg7 12. d6 O-O 13. dxe7 Re8 14. Re1 Nc6 15. Bxf7+ Kh8 16. Bxe8 Nxe8 17. Qb3 Qb6 18. Qf7 1-0

[Event "8. Autunno Veneziano Magistrale"]
[Site "Venezia"]
[Date "2001.11.02"]
[Round "2.10"]
[White "Bianchi, Andrea"]
[Black "Zanin, Dario"]
[Result "1-0"]
[WhiteElo "2110"]
[BlackElo "2025"]
[PlyCount "87"]
[EventDate "2001.11.01"]
[EventType "swiss"]
[EventRounds "6"]
[EventCountry "ITA"]
[SourceTitle "Inf 22"]

1. e4 c5 2. Nf3 Nc6 3. d4 cxd4 4. Nxd4 Nf6 5. Nc3 e5 6. Ndb5 d6 7. Bg5 a6 8. Na3 b5 9. Nd5 Be7 10. Bxf6 Bxf6 11. c3 Be6 12. Nc2 Bg5 13. a4 Rb8 14. axb5 axb5 15. Ra6 Qc8 16. Ncb4 Bxd5 17. Qxd5 Nxb4 18. Bxb5+ Kf8 19. cxb4 Qc1+ 20. Ke2 Qxb2+ 21. Kf3 Qc3+ 22. Kg4 h5+ 23. Kxg5 f6+ 24. Kf5 Qc8+ 25. Qe6 g6+ 26. Kxf6 Qd8+ 27. Kxg6 Rg8+ 28. Qxg8+ Kxg8 29. Bc4+ Kf8 30. Ra7 d5 31. Rf7+ Ke8 32. Bxd5 Rb6+ 33. Kxh5 Qd6 34. Ra1 Qh6+ 35. Kg4 Qg6+ 36. Kf3 Qh5+ 37. Ke3 Qg5+ 38. Kd3 Rd6 39. Ra8+ Rd8 40. Raa7 Rd6 41. Rg7 Rxd5+ 42. exd5 Qf5+ 43. Kc3 Qc8+ 44. Rac7 1-0

[Event "8. Autunno Veneziano Magistrale"]
[Site "Venezia"]
[Date "2001.11.02"]
[Round "2.11"]
[White "Galiazzo, Giuliano"]
[Black "Opacic, Alexandar"]
[Result "1-0"]
[WhiteElo "1920"]
[BlackElo "2110"]
[PlyCount "59"]
[EventDate "2001.11.01"]
[EventType "swiss"]
[EventRounds "6"]
[EventCountry "ITA"]
[SourceTitle "Inf 22"]

1. e4 c5 2. Nf3 d6 3. Bb5+ Nd7 4. O-O a6 5. Bxd7+ Qxd7 6. c3 g6 7. d4 cxd4 8. cxd4 Bg7 9. Nc3 Nf6 10. Bg5 O-O 11. Rc1 e6 12. e5 Ne8 13. Na4 f6 14. exf6 Nxf6 15. Nb6 Qf7 16. Nxa8 Nd5 17. Qd2 b5 18. Qa5 h6 19. Be3 Nf4 20. Bxf4 Qxf4 21. Rc7 e5 22. Qd2 Qg4 23. Qe3 Bf5 24. Nb6 Be4 25. Ne1 exd4 26. Rxg7+ Kxg7 27. Qxd4+ Kg8 28. f3 Bxf3 29. Nxf3 Qf5 30. Qd5+ 1-0

[Event "8. Autunno Veneziano Magistrale"]
[Site "Venezia"]
[Date "2001.11.02"]
[Round "2.12"]
[White "Viola, Matteo"]
[Black "Rossato, Armando"]
[Result "1/2-1/2"]
[WhiteElo "1915"]
[BlackElo "2115"]
[PlyCount "103"]
[EventDate "2001.11.01"]
[EventType "swiss"]
[EventRounds "6"]
[EventCountry "ITA"]
[SourceTitle "Inf 22"]

1. e4 e5 2. f4 Bc5 3. Nf3 d5 4. exd5 e4 5. Ne5 Nf6 6. Nc3 O-O 7. Be2 c6 8. d3 cxd5 9. d4 Bb6 10. Be3 Nc6 11. Qd2 Nxe5 12. fxe5 Ng4 13. Bxg4 Bxg4 14. O-O Qd7 15. Rf4 Ba5 16. Qf2 Bxc3 17. bxc3 Rac8 18. Bd2 Rc6 19. h3 Bh5 20. Rf1 b5 21. g4 Bg6 22. h4 h5 23. gxh5 Bxh5 24. Kh2 Bf3 25. Rg1 b4 26. Rf6 Rxf6 27. exf6 Qd6+ 28. Qg3 Qxg3+ 29. Rxg3 g6 30. cxb4 Rc8 31. c3 Rc6 32. a3 Rxf6 33. Rg5 Kg7 34. Be3 Rc6 35. Rxd5 Rxc3 36. Bf4 Rxa3 37. Ra5 Rxa5 38. bxa5 Kf6 39. a6 Ke6 40. Bb8 Be2 41. Bxa7 Bxa6 42. Kg3 Bc4 43. Kf4 Bd5 44. Bb6 Kd6 45. Bd8 Kc6 46. Bf6 Kb5 47. Ke3 Kc4 48. Be5 f5 49. Bd6 Kc3 50. Bf4 Kc2 51. Bg3 Kd1 52. Bf2 1/2-1/2

[Event "8. Autunno Veneziano Magistrale"]
[Site "Venezia"]
[Date "2001.11.02"]
[Round "2.13"]
[White "Drazic, Sinisa"]
[Black "Scharrer, Patrick"]
[Result "1-0"]
[WhiteElo "2470"]
[BlackElo "2080"]
[PlyCount "57"]
[EventDate "2001.11.01"]
[EventType "swiss"]
[EventRounds "6"]
[EventCountry "ITA"]
[SourceTitle "Inf 22"]

1. c4 Nf6 2. Nc3 g6 3. d4 Bg7 4. Nf3 O-O 5. Bf4 d6 6. e3 Nbd7 7. h3 c5 8. d5 a6 9. a4 Rb8 10. Be2 Ne8 11. O-O Nc7 12. Qd2 Nf6 13. e4 Bd7 14. e5 Nfe8 15. Ne4 Bf5 16. Ng3 Bd7 17. a5 b5 18. axb6 Rxb6 19. Rfe1 Qb8 20. Ra2 a5 21. Bf1 Na6 22. Re2 Rb4 23. Rxa5 Qb6 24. Ra3 Rxc4 25. Bh6 Nec7 26. Nh5 gxh5 27. Bxg7 Kxg7 28. Qg5+ Kh8 29. Qxe7 1-0

[Event "8. Autunno Veneziano Magistrale"]
[Site "Venezia"]
[Date "2001.11.02"]
[Round "2.14"]
[White "Cristiani, Cesare"]
[Black "Ruzzier, Dario"]
[Result "1-0"]
[WhiteElo "2100"]
[BlackElo "2065"]
[PlyCount "47"]
[EventDate "2001.11.01"]
[EventType "swiss"]
[EventRounds "6"]
[EventCountry "ITA"]
[SourceTitle "Inf 22"]

1. d4 d5 2. c4 e6 3. Nf3 c5 4. cxd5 exd5 5. dxc5 Bxc5 6. e3 Nf6 7. Bb5+ Bd7 8. Bxd7+ Qxd7 9. O-O O-O 10. b3 Nc6 11. Nc3 Rad8 12. Bb2 Qe7 13. Ne2 Ne4 14. Ned4 Rfe8 15. Nf5 Qd7 16. Nxg7 Re7 17. Nh4 d4 18. Ngf5 f6 19. Nxe7+ Qxe7 20. Nf5 Qe6 21. Nxd4 Nxd4 22. Bxd4 Bd6 23. Qe2 Rd7 24. Qc4 1-0

[Event "8. Autunno Veneziano Magistrale"]
[Site "Venezia"]
[Date "2001.11.02"]
[Round "2.15"]
[White "Rigo, Gianfrancesco"]
[Black "Tomba, Ivan"]
[Result "1-0"]
[WhiteElo "2110"]
[BlackElo "2105"]
[PlyCount "55"]
[EventDate "2001.11.01"]
[EventType "swiss"]
[EventRounds "6"]
[EventCountry "ITA"]
[SourceTitle "Inf 22"]

1. e4 c5 2. Nf3 d6 3. d4 cxd4 4. Nxd4 Nf6 5. Nc3 a6 6. Bc4 e6 7. Bb3 Be7 8. Be3 O-O 9. Qe2 b5 10. O-O-O b4 11. Na4 Nxe4 12. Nb6 Qxb6 13. Nxe6 Nc5 14. Bxc5 dxc5 15. Nxf8 Kxf8 16. Qf3 Bg5+ 17. Kb1 Ra7 18. Qg3 Bf6 19. Rd6 Qc7 20. Qd3 Bd4 21. Rxd4 cxd4 22. Qxh7 Be6 23. Re1 g6 24. Qh8+ Ke7 25. Qh4+ Kf8 26. Bxe6 fxe6 27. Rxe6 Qg7 28. Qd8+ 1-0

[Event "8. Autunno Veneziano Magistrale"]
[Site "Venezia"]
[Date "2001.11.02"]
[Round "2.16"]
[White "Zotti, Enrico"]
[Black "Forato, Piero"]
[Result "0-1"]
[WhiteElo "2080"]
[BlackElo "2015"]
[PlyCount "52"]
[EventDate "2001.11.01"]
[EventType "swiss"]
[EventRounds "6"]
[EventCountry "ITA"]
[SourceTitle "Inf 22"]

1. e4 c5 2. Nf3 d6 3. d4 cxd4 4. Nxd4 Nf6 5. Nc3 a6 6. Be2 e5 7. Nb3 Be7 8. Be3 Be6 9. Nd5 Bxd5 10. exd5 b5 11. O-O O-O 12. a4 b4 13. a5 Nbd7 14. Qd2 Qb8 15. Ra4 Qb7 16. Rd1 Rab8 17. f3 Rfd8 18. Qd3 Ra8 19. Rd2 Nc5 20. Nxc5 dxc5 21. Qc4 Rxd5 22. Bd3 Qd7 23. c3 Qxa4 24. Bxh7+ Kxh7 25. Rxd5 Nxd5 26. Qxd5 Rd8 0-1

[Event "8. Autunno Veneziano Magistrale"]
[Site "Venezia"]
[Date "2001.11.02"]
[Round "3.1"]
[White "Solinas, Carlo"]
[Black "Mufic, Goran"]
[Result "1/2-1/2"]
[WhiteElo "2035"]
[BlackElo "2370"]
[PlyCount "24"]
[EventDate "2001.11.01"]
[EventType "swiss"]
[EventRounds "6"]
[EventCountry "ITA"]
[SourceTitle "Inf 22"]

1. e4 c6 2. Nc3 d5 3. Qf3 dxe4 4. Nxe4 Nd7 5. d4 Ngf6 6. Bc4 e6 7. Ne2 Nxe4 8. Qxe4 Nb6 9. Bd3 Qd5 10. O-O Qxe4 11. Bxe4 Bd6 12. Bf4 Bxf4 1/2-1/2

[Event "8. Autunno Veneziano Magistrale"]
[Site "Venezia"]
[Date "2001.11.02"]
[Round "3.2"]
[White "Genocchio, Daniele"]
[Black "Faccia, Sergio"]
[Result "1-0"]
[WhiteElo "2325"]
[BlackElo "2025"]
[PlyCount "83"]
[EventDate "2001.11.01"]
[EventType "swiss"]
[EventRounds "6"]
[EventCountry "ITA"]
[SourceTitle "Inf 22"]

1. e4 e5 2. Nf3 Nc6 3. Bb5 a6 4. Ba4 Nf6 5. O-O Be7 6. Re1 b5 7. Bb3 O-O 8. h3 d5 9. exd5 Nxd5 10. Nxe5 Nxe5 11. Rxe5 Nf6 12. d4 Bd6 13. Re1 a5 14. a4 bxa4 15. Rxa4 Bd7 16. Ra1 Ng4 17. hxg4 Qh4 18. Qf3 Bh2+ 19. Kf1 Bxg4 20. Qe4 Bd6 21. g3 Qh5 22. Bd5 Qh3+ 23. Qg2 Qh5 24. Qe4 Qh3+ 25. Qg2 Qh5 26. Qh1 Bh3+ 27. Bg2 Qb5+ 28. Kg1 Bxg2 29. Qxg2 Rae8 30. Rf1 Re6 31. Nc3 Qf5 32. d5 Rg6 33. Ne4 Bb4 34. c3 Be7 35. Rxa5 h5 36. b4 Bd8 37. d6 Qg4 38. dxc7 Bxc7 39. Rg5 Qd7 40. Rxh5 Re8 41. Qh1 f5 42. Ng5 1-0

[Event "8. Autunno Veneziano Magistrale"]
[Site "Venezia"]
[Date "2001.11.02"]
[Round "3.3"]
[White "Pietrobon, Fabio"]
[Black "Doric, Darko"]
[Result "1-0"]
[WhiteElo "1920"]
[BlackElo "2250"]
[PlyCount "131"]
[EventDate "2001.11.01"]
[EventType "swiss"]
[EventRounds "6"]
[EventCountry "ITA"]
[SourceTitle "Inf 22"]

1. d4 Nf6 2. Nf3 d5 3. Bf4 c5 4. e3 Nc6 5. c3 Qb6 6. Qb3 c4 7. Qc2 Bf5 8. Qc1 e6 9. Be2 h6 10. Nbd2 Be7 11. O-O Qa5 12. b4 Qd8 13. Re1 O-O 14. a4 Bd6 15. Bxd6 Qxd6 16. Bd1 Ne4 17. Nxe4 Bxe4 18. Nd2 Bd3 19. e4 Rae8 20. e5 Qd8 21. Bc2 Bxc2 22. Qxc2 f6 23. b5 Nb8 24. exf6 Rxf6 25. Re2 Ref8 26. Rae1 Qe7 27. Nf1 Nd7 28. Ne3 Qf7 29. f3 Rd8 30. Ng4 Rg6 31. Ne5 Nxe5 32. Rxe5 Rf6 33. Qe2 Rd6 34. a5 Qc7 35. Qa2 a6 36. b6 Qc6 37. Qa3 Kf7 38. Qb4 Rd8 39. Kf2 Qd6 40. Qxd6 Rxd6 41. h4 Ke7 42. g4 Kd7 43. g5 Rf7 44. Rg1 Kc6 45. gxh6 gxh6 46. Rg6 Re7 47. Rxh6 Kb5 48. Rg6 Kxa5 49. h5 Kxb6 50. h6 a5 51. Rg7 Re8 52. h7 Rh8 53. Rh5 Rdd8 54. Rh1 Kc6 55. f4 a4 56. f5 a3 57. fxe6 a2 58. e7 Rde8 59. Kf3 Kd7 60. Kf4 a1=Q 61. Rxa1 Rxe7 62. Rxe7+ Kxe7 63. Rh1 Kf6 64. Rh5 Kg6 65. Rxd5 Rxh7 66. Rc5 1-0

[Event "8. Autunno Veneziano Magistrale"]
[Site "Venezia"]
[Date "2001.11.02"]
[Round "3.4"]
[White "Artizzu, Giulio"]
[Black "Del Monaco, Andrea"]
[Result "0-1"]
[WhiteElo "2105"]
[BlackElo "2175"]
[PlyCount "60"]
[EventDate "2001.11.01"]
[EventType "swiss"]
[EventRounds "6"]
[EventCountry "ITA"]
[SourceTitle "Inf 22"]

1. e4 e6 2. d4 d5 3. Nc3 Nf6 4. Bg5 Bb4 5. e5 h6 6. exf6 hxg5 7. fxg7 Rg8 8. h4 gxh4 9. Nf3 Qf6 10. Qd3 Nc6 11. O-O-O Bd7 12. Rxh4 O-O-O 13. g3 Rxg7 14. Bg2 Rdg8 15. Rdh1 Bd6 16. Ne2 Nb4 17. Qb3 Bb5 18. Nc3 Bc4 19. Qa4 a6 20. a3 Nc6 21. b3 Bb5 22. Nxb5 axb5 23. Qa8+ Kd7 24. Qxb7 Rb8 25. Qa6 Rgg8 26. Rh6 Bf4+ 27. gxf4 Qxf4+ 28. Kb1 Rb6 29. Ne5+ Nxe5 30. Qa5 Nc6 0-1

[Event "8. Autunno Veneziano Magistrale"]
[Site "Venezia"]
[Date "2001.11.02"]
[Round "3.5"]
[White "Lain, Luigi"]
[Black "Bianchi, Andrea"]
[Result "1-0"]
[WhiteElo "1905"]
[BlackElo "2110"]
[PlyCount "73"]
[EventDate "2001.11.01"]
[EventType "swiss"]
[EventRounds "6"]
[EventCountry "ITA"]
[SourceTitle "Inf 22"]

1. d4 d5 2. c4 e6 3. Nc3 Be7 4. Nf3 Nf6 5. Bf4 O-O 6. e3 b6 7. cxd5 Nxd5 8. Nxd5 exd5 9. Bd3 c5 10. dxc5 bxc5 11. O-O Be6 12. Ne5 f5 13. Qb3 Qb6 14. Qa4 c4 15. Bc2 g5 16. Bg3 f4 17. exf4 gxf4 18. Bxf4 Rxf4 19. Qe8+ Bf8 20. Qh5 Qc7 21. Qg5+ Bg7 22. Qxf4 Bxe5 23. Qh6 Bc8 24. Rfe1 Nc6 25. Ba4 Ne7 26. Qg5+ Ng6 27. h4 Qd6 28. Bc6 h6 29. Qxh6 Qxc6 30. h5 Bg7 31. Qg5 Ne5 32. Rxe5 Bb7 33. Re7 Qf6 34. Qxf6 Bxf6 35. Rxb7 d4 36. Rd7 d3 37. Rc7 1-0

[Event "8. Autunno Veneziano Magistrale"]
[Site "Venezia"]
[Date "2001.11.02"]
[Round "3.6"]
[White "Drazic, Sinisa"]
[Black "Galiazzo, Giuliano"]
[Result "1-0"]
[WhiteElo "2470"]
[BlackElo "1920"]
[PlyCount "51"]
[EventDate "2001.11.01"]
[EventType "swiss"]
[EventRounds "6"]
[EventCountry "ITA"]
[SourceTitle "Inf 22"]

1. d4 d5 2. Nc3 Nf6 3. Bg5 e6 4. e4 dxe4 5. Nxe4 Be7 6. Bxf6 Bxf6 7. Nf3 Nd7 8. Qd2 b6 9. O-O-O Bb7 10. Qf4 Be7 11. Ne5 O-O 12. Bb5 Nf6 13. Bc6 Nxe4 14. Qxe4 Bxc6 15. Nxc6 Qd7 16. Rd3 Bf6 17. Re1 Rfe8 18. f4 a5 19. c4 g6 20. Rb3 Qd6 21. Rb5 a4 22. a3 Bg7 23. Kc2 Bf6 24. Re3 Bg7 25. Re2 Bf6 26. g4 1-0

[Event "8. Autunno Veneziano Magistrale"]
[Site "Venezia"]
[Date "2001.11.02"]
[Round "3.8"]
[White "Klovans, Janis"]
[Black "Sikanjic, Bojan"]
[Result "1-0"]
[WhiteElo "2420"]
[BlackElo "2070"]
[PlyCount "53"]
[EventDate "2001.11.01"]
[EventType "swiss"]
[EventRounds "6"]
[EventCountry "ITA"]
[SourceTitle "Inf 22"]

1. e4 c5 2. Nf3 Nc6 3. d4 cxd4 4. Nxd4 g6 5. Nc3 Bg7 6. Be3 Nf6 7. Bc4 Qa5 8. O-O O-O 9. Bb3 d6 10. h3 Bd7 11. Re1 Nxd4 12. Bxd4 Bc6 13. Nd5 Bxd5 14. exd5 Rfe8 15. Bc3 Qc5 16. Qd2 Nd7 17. Bxg7 Kxg7 18. Re4 Qc7 19. Rae1 Nf6 20. Rh4 h5 21. g4 Qc5 22. gxh5 Nxh5 23. Rxh5 gxh5 24. Qg5+ Kh7 25. Qxh5+ Kg7 26. Qg5+ Kh7 27. Re4 1-0

[Event "8. Autunno Veneziano Magistrale"]
[Site "Venezia"]
[Date "2001.11.02"]
[Round "3.9"]
[White "Navarro, Stefano"]
[Black "Viola, Matteo"]
[Result "1-0"]
[WhiteElo "2170"]
[BlackElo "1915"]
[PlyCount "51"]
[EventDate "2001.11.01"]
[EventType "swiss"]
[EventRounds "6"]
[EventCountry "ITA"]
[SourceTitle "Inf 22"]

1. e4 e5 2. Nf3 f5 3. Nxe5 Qf6 4. d4 d6 5. Nd3 fxe4 6. Nf4 c6 7. d5 Be7 8. Nc3 Qf5 9. g3 Qe5 10. Be3 Bf6 11. Bg2 Qe7 12. Nxe4 Bxb2 13. Rb1 Nf6 14. Rxb2 Nxe4 15. Qh5+ Kd8 16. Ng6 Qf6 17. Nxh8 Qxb2 18. Nf7+ Kc7 19. O-O Nf6 20. Qg5 Qxc2 21. Bf4 Qg6 22. Bxd6+ Kb6 23. Qe3+ Ka6 24. Qa3+ Kb6 25. Bc5+ Kc7 26. d6+ 1-0

[Event "8. Autunno Veneziano Magistrale"]
[Site "Venezia"]
[Date "2001.11.02"]
[Round "3.10"]
[White "Vianello, Enrico"]
[Black "Ronchetti, Niccolo"]
[Result "1-0"]
[WhiteElo "2140"]
[BlackElo "1810"]
[PlyCount "75"]
[EventDate "2001.11.01"]
[EventType "swiss"]
[EventRounds "6"]
[EventCountry "ITA"]
[SourceTitle "Inf 22"]

1. d4 Nf6 2. Bg5 c5 3. Bxf6 gxf6 4. d5 Qa5+ 5. c3 d6 6. g3 h5 7. h4 Bg7 8. Bg2 Bg4 9. Nd2 Nd7 10. Nc4 Qb5 11. Qd3 Qa6 12. f3 Bf5 13. e4 Bg6 14. Nh3 b5 15. Ne3 c4 16. Qe2 Nc5 17. Nf4 Bh6 18. O-O Rg8 19. b3 Rc8 20. Kh1 cxb3 21. axb3 Qb6 22. Rfb1 e5 23. dxe6 fxe6 24. Bh3 Bxf4 25. gxf4 Ke7 26. f5 Bf7 27. fxe6 Bxe6 28. Nd5+ Bxd5 29. exd5+ Kf7 30. Bxc8 Rxc8 31. b4 Re8 32. bxc5 Qxc5 33. Qd3 Qf2 34. Qh7+ Kf8 35. Qh8+ Ke7 36. Re1+ Kf7 37. Qxe8+ Kg7 38. Re7+ 1-0

[Event "8. Autunno Veneziano Magistrale"]
[Site "Venezia"]
[Date "2001.11.02"]
[Round "3.11"]
[White "Forato, Piero"]
[Black "Cristiani, Cesare"]
[Result "1/2-1/2"]
[WhiteElo "2015"]
[BlackElo "2100"]
[PlyCount "93"]
[EventDate "2001.11.01"]
[EventType "swiss"]
[EventRounds "6"]
[EventCountry "ITA"]
[SourceTitle "Inf 22"]

1. e4 e6 2. d4 d5 3. Nc3 Nf6 4. e5 Ne4 5. Nxe4 dxe4 6. Be3 c5 7. Ne2 Nc6 8. c3 cxd4 9. cxd4 Bb4+ 10. Nc3 O-O 11. Be2 Qa5 12. Qb3 Bd7 13. O-O Bxc3 14. bxc3 Qc7 15. Qc2 Na5 16. Qxe4 Bc6 17. Qg4 Bd5 18. Bg5 Kh8 19. Qh3 Be4 20. a4 Rac8 21. c4 Bg6 22. Rac1 Qd7 23. d5 Bf5 24. g4 Bg6 25. d6 Nc6 26. Qe3 f6 27. exf6 gxf6 28. Bh6 Rf7 29. c5 a6 30. f4 f5 31. Bc4 Re8 32. Rfe1 Nd8 33. Bg5 fxg4 34. Bxd8 Qxd8 35. Bxe6 Qf6 36. Qc3 Qxc3 37. Rxc3 Rxf4 38. Rce3 Rd8 39. d7 Kg7 40. a5 Kf6 41. Rb3 Be4 42. Rb6 Bc6 43. Bd5 Rxd7 44. Bxc6 bxc6 45. Rxc6+ Kg5 46. Rxa6 h5 47. c6 1/2-1/2

[Event "8. Autunno Veneziano Magistrale"]
[Site "Venezia"]
[Date "2001.11.02"]
[Round "3.12"]
[White "Ramesa, Davor"]
[Black "Rigo, Gianfrancesco"]
[Result "1-0"]
[WhiteElo "2125"]
[BlackElo "2110"]
[PlyCount "131"]
[EventDate "2001.11.01"]
[EventType "swiss"]
[EventRounds "6"]
[EventCountry "ITA"]
[SourceTitle "Inf 22"]

1. c4 b6 2. Nc3 Bb7 3. Nf3 e6 4. d4 f5 5. g3 Nf6 6. Bg2 Bb4 7. Bd2 a5 8. O-O O-O 9. a3 Be7 10. Be3 Ng4 11. Bf4 Na6 12. h3 Nf6 13. d5 Nh5 14. d6 Nxf4 15. dxe7 Nxh3+ 16. Bxh3 Qxe7 17. Ne5 d6 18. Nd3 Rf6 19. Bg2 Bxg2 20. Kxg2 Raf8 21. e3 g5 22. f4 Rg6 23. Qf3 g4 24. Qe2 Nb8 25. Rae1 Qd7 26. b3 Nc6 27. b4 Ra8 28. b5 Qg7 29. Qb2 Ne7 30. Nd1 Qf7 31. N1f2 Re8 32. Rh1 Rf6 33. e4 Qg6 34. e5 Rf7 35. exd6 cxd6 36. Qd4 Nc8 37. Re2 Rc7 38. Rhe1 h5 39. Rh1 Rh7 40. Nd1 Qf7 41. Re3 Qb7+ 42. Kg1 Kf7 43. Nc3 Reh8 44. Rh4 Rd8 45. Ne5+ Kg8 46. Nc6 Re8 47. Qf6 Qf7 48. Qxf7+ Kxf7 49. Rh2 Ne7 50. Nxe7 Rxe7 51. Rhe2 h4 52. gxh4 Rxh4 53. Na4 Re8 54. Rh2 Rxh2 55. Kxh2 Rb8 56. Kg3 Kf6 57. Rd3 Ke7 58. Kf2 e5 59. Nc3 Ke6 60. Nd5 Rb7 61. Rd1 Rh7 62. fxe5 dxe5 63. Nxb6 Rh2+ 64. Kg1 Rc2 65. Nd7 Rxc4 66. b6 1-0

[Event "8. Autunno Veneziano Magistrale"]
[Site "Venezia"]
[Date "2001.11.02"]
[Round "3.13"]
[White "Rossato, Armando"]
[Black "Zanin, Dario"]
[Result "0-1"]
[WhiteElo "2115"]
[BlackElo "2025"]
[PlyCount "64"]
[EventDate "2001.11.01"]
[EventType "swiss"]
[EventRounds "6"]
[EventCountry "ITA"]
[SourceTitle "Inf 22"]

1. d4 Nf6 2. Nc3 d5 3. e4 dxe4 4. f3 exf3 5. Nxf3 Bg4 6. h3 Bxf3 7. Qxf3 c6 8. Be3 e6 9. O-O-O Nd5 10. Bc4 Nxe3 11. Qxe3 Be7 12. Kb1 Nd7 13. Ne4 Qb6 14. Qg3 g6 15. Rhf1 Rf8 16. Nd6+ Bxd6 17. Qxd6 O-O-O 18. Qe7 Rde8 19. Qh4 h5 20. Rf3 Qb4 21. Rc3 Nb6 22. Be2 e5 23. Qg3 exd4 24. a3 Qe7 25. Rxc6+ bxc6 26. Ba6+ Kd7 27. Rxd4+ Nd5 28. Ka2 Qe5 29. Qd3 Kc7 30. c4 Nb6 31. c5 Qxc5 32. b4 Qe5 0-1

[Event "8. Autunno Veneziano Magistrale"]
[Site "Venezia"]
[Date "2001.11.02"]
[Round "3.14"]
[White "Opacic, Alexandar"]
[Black "Pesco, Giuseppe"]
[Result "1-0"]
[WhiteElo "2110"]
[BlackElo "1940"]
[PlyCount "123"]
[EventDate "2001.11.01"]
[EventType "swiss"]
[EventRounds "6"]
[EventCountry "ITA"]
[SourceTitle "Inf 22"]

1. e4 d6 2. d4 Nf6 3. Nc3 g6 4. f3 c6 5. Be3 Nbd7 6. Qd2 Bg7 7. h4 h5 8. O-O-O Qa5 9. Kb1 b5 10. Nh3 Bb7 11. Ng5 Nh7 12. Nxh7 Rxh7 13. g3 a6 14. Rh2 Nb6 15. f4 Nc4 16. Bxc4 bxc4 17. e5 d5 18. Rf2 e6 19. Ne4 Qxd2 20. Nd6+ Kf8 21. Bxd2 Bc8 22. b3 cxb3 23. axb3 Rh8 24. Kb2 Kg8 25. Nxc8 Rxc8 26. Ra1 Ra8 27. Bb4 Bf8 28. Bxf8 Kxf8 29. c4 Kg7 30. Kc3 Ra7 31. Rfa2 Rha8 32. Ra3 a5 33. Kd3 Kf8 34. b4 a4 35. Kc3 Ke7 36. Kd3 Kd7 37. Ke3 dxc4 38. Kd2 Kc7 39. Kc3 Kb6 40. Kxc4 Ra6 41. Rg1 R6a7 42. Rg2 Rd7 43. Rga2 Rda7 44. Rb2 Rc8 45. Rc3 Ra6 46. Kd3 a3 47. Ra2 Rca8 48. Kc4 R6a7 49. Kb3 Ra4 50. Rc5 R4a6 51. Rc1 Kb5 52. Rac2 a2 53. Rc5+ Kb6 54. Rxc6+ Kb7 55. Rxa6 Rxa6 56. Ra1 Rc6 57. Rxa2 Rc1 58. Rc2 Rd1 59. Kc4 Rg1 60. Rc3 Rd1 61. Kc5 Rd2 62. Kd6 1-0

[Event "8. Autunno Veneziano Magistrale"]
[Site "Venezia"]
[Date "2001.11.02"]
[Round "3.15"]
[White "Tomba, Ivan"]
[Black "Scharrer, Patrick"]
[Result "0-1"]
[WhiteElo "2105"]
[BlackElo "2080"]
[PlyCount "78"]
[EventDate "2001.11.01"]
[EventType "swiss"]
[EventRounds "6"]
[EventCountry "ITA"]
[SourceTitle "Inf 22"]

1. e4 c5 2. Nf3 Nc6 3. d4 cxd4 4. Nxd4 g6 5. c4 Bg7 6. Be3 Nf6 7. Nc3 Ng4 8. Qxg4 Nxd4 9. Qd1 Ne6 10. Qd2 Qa5 11. Rc1 b6 12. Be2 Bb7 13. f3 d6 14. O-O g5 15. Kh1 h5 16. Bd3 Be5 17. Bb1 h4 18. Nd1 Qxd2 19. Bxd2 f6 20. Bc3 Rc8 21. Bxe5 dxe5 22. Ne3 Kf7 23. Rfd1 Nd4 24. a3 Rhd8 25. Ba2 e6 26. Rd2 h3 27. Rcd1 Ke7 28. Ng4 Ba6 29. Ne3 Rd6 30. Kg1 Rcd8 31. Kf2 hxg2 32. Nxg2 Rh8 33. Rh1 Rh3 34. Ne1 Rd8 35. Kg2 Rdh8 36. Rf2 Bb7 37. Bb1 f5 38. Kf1 g4 39. fxg4 fxe4 0-1

[Event "8. Autunno Veneziano Magistrale"]
[Site "Venezia"]
[Date "2001.11.02"]
[Round "3.16"]
[White "Ruzzier, Dario"]
[Black "Zotti, Enrico"]
[Result "0-1"]
[WhiteElo "1900"]
[BlackElo "2080"]
[PlyCount "48"]
[EventDate "2001.11.01"]
[EventType "swiss"]
[EventRounds "6"]
[EventCountry "ITA"]
[SourceTitle "Inf 22"]

1. d4 Nf6 2. c4 g6 3. Nc3 Bg7 4. e4 d6 5. f3 Nbd7 6. Be3 O-O 7. Qd2 c6 8. Nge2 a5 9. g4 e5 10. O-O-O d5 11. Bh6 Qc7 12. Bxg7 Kxg7 13. h4 dxe4 14. h5 exf3 15. Ng3 Nxg4 16. Qg5 Ndf6 17. hxg6 fxg6 18. Bd3 e4 19. Ncxe4 Nxe4 20. Nh5+ Kh8 21. Bxe4 gxh5 22. Bxh7 Qf4+ 23. Qxf4 Rxf4 24. Rxh5 Nf6 0-1